Famous Cars - Statistics

General Stats
  • This quiz has been taken 26,824 times
  • The average score is 9 of 21
Answer Stats
Clue Answer % Correct
"Back to the Future" Make DeLorean
90%
Batman's car Name The Batmobile
70%
"The Love Bug" Model Volkswagen Beetle
64%
James Bond's car from "Goldfinger" Make Aston Martin
61%
Bumblebee from "Transformers" Model Chevy Camaro
56%
Car totaled in "Ferris Bueller's Day Off" Make Ferrari
56%
Getaway vehicles from "The Italian Job" (2003) Model Mini Cooper
52%
Steve McQueen's car in "Bullitt" Model Ford Mustang GT
49%
"The Dukes of Hazzard" Model Dodge Charger
46%
"The Love Bug" Name Herbie
41%
OJ Simpson's getaway vehicle Model Ford Bronco
38%
"The Dukes of Hazzard" Name General Lee
38%
"Knight Rider" Name KITT
38%
"Knight Rider" Model Pontiac Firebird Trans Am
35%
Brian's car on "Family Guy" Model Toyota Prius
35%
The A-Team's vehicle Model GMC Vandura
32%
James Dean's car Make Porsche
32%
Oscar Meyer promotional vehicle Name Weinermobile
28%
“Ghoulish” monster truck Name Grave Digger
19%
Car from "The Simpsons" that's "12 yards long, 2 lanes wide" Model Canyonero
13%
Ryan Gosling's car in "Drive" Model Chevrolet Malibu
4%
No matching quizzes found
Score Distribution
Percent of People with Each Score
Percentile by Number Answered
Your Score History
You have not taken this quiz